1321 1891 1797 1063 1009 1164 1178 1033 1600 1440 1226 1596 1645 1982 1851 1502 1379 1782 1036 1193 1239 1148 1770 1342 1342 1639 1018 1965 1446 1843 1496 1467 1736 1050 1093 1819 1602 1751 1150 1743 1877 1060 1616 1558 1971 1358 1745 1342 1074 1253 1637 1500 1040 1611 1343 1682 1734 1114 1768 1412 1073 1206 1595 1299 1941 1836 1626 1817 1587 1856 1781 1150 1281 1865 1938 1788 1045 1830 1542 1309 1682 1060 1481 1973 1305 1999 1366 1602 1413 1697 1743 1361 1478 1429 1320 1502 1885 1309 1441 BCNSPRNW ULIB Ver.6.0+V

เปลี่ยนเป็นภาษาไทย

Change to English
 แสดงรายละเอียดบรรณานุกรม
  กลับหน้าหลัก

Brief Record : Get Marc (ISO 2709) : E-mail record : QR code < ปิดหน้าต่าง
LEADER : 00000nam 2200000uu 4500
001    13399109346
003     ULIB
008    110329s2551||||th 000 0 tha d
020    9789744512581
060  4 WA754^bน473ห 2551
100 0  นายรอบคอบ
245 10 ระวังไว้--ในออฟฟิศ! /^cโดย นายรอบคอบ
250    พิมพ์ครั้งที่ 1
260    กรุงเทพฯ :^bวาไรตี้ มีเดีย,^c2551
300    90 หน้า ;^c20 ซม.
440  0 หนังสือชุดรู้ทันภัย
440  0 หนังสือชุดรู้ทันภัย.^pตอนระวังไว้--ในออฟฟิศ!
650  7 อุบัติภัย
650  7 อุบัติเหตุ^xการป้องกัน
650  7 ความปลอดภัย
945    ^p75^l0^i024970
945    ^p75^l0^i024969
995    ทศพร
999 ^a ใช้งานได้ทุกระบบ
รายการนี้ยังไม่มีแท็ก
คุณยังไม่ได้ล็อกอิน คุณสามารถมีกิจกรรมร่วมกับเว็บไซต์ได้ แต่ต้องล็อกอินก่อน ::
  ล็อกอิน

รายการสื่อสารสนเทศ

ลำดับที่ ประเภท เลขเรียก/บาร์โค้ด สถานที่ สถานะ
- ไม่พบข้อมูล -

รายการใกล้เคียง
    ผู้แต่ง [นายรอบคอบ]

    หัวเรื่อง [อุบัติภัย]
    หัวเรื่อง [ความปลอดภัย]

BibComment


ยังไม่เคยถูกคอมเมนท์

คอมเมนท์ทรัพยากรรายการนี้
  คอมเมนท์: ระวังไว้ในออฟฟิศ ..


 Copyright 2026. Bcnsprnw @Library